| 000 | 00570nam a2200217 a 4500 | ||
|---|---|---|---|
| 005 | 20200104041526.0 | ||
| 008 | 140303b1990 ck ||||| |||| 00| 0 spa d | ||
| 040 |
_aCO-BoIAVH _cCO-BoIAVH |
||
| 041 | _aspa | ||
| 044 | _ack | ||
| 090 |
_aLB _b01829 |
||
| 100 |
_aAguilar P., Mauricio _941742 |
||
| 245 | _aClima de la Amazonia | ||
| 260 |
_aBogotá _bInstituto de Ciencias Naturales _c1990 |
||
| 300 | _a82 p. | ||
| 650 |
_aClimatologĂa _9288 |
||
| 650 |
_aClima _941744 |
||
| 650 |
_aAmazonia _9135 |
||
| 700 |
_aRangel Ch., J. Orlando _941746 |
||
| 942 |
_cINFORME _2z |
||
| 999 |
_c1998 _d1998 |
||